| 000 | 01209cam a22003374a 4500 | ||
|---|---|---|---|
| 999 |
_c526938 _d526938 |
||
| 001 | 12502388 | ||
| 003 | NUST | ||
| 005 | 20190720082054.0 | ||
| 008 | 010814s2002 inua 001 0 eng | ||
| 010 | _a 2001094813 | ||
| 020 | _a0672323087 | ||
| 038 | _aArshad | ||
| 040 |
_aDLC _cDLC _dDLC |
||
| 042 | _apcc | ||
| 050 | 0 | 0 |
_aQA76.64 _b.L32 2002 |
| 082 | 0 | 0 |
_a005.133 _bLAF |
| 100 | 1 |
_aLafore, Robert _q(Robert W.) _917944 |
|
| 245 | 1 | 0 |
_aObject-oriented programming in C++ / _cRobert Lafore. |
| 250 | _a4th ed. | ||
| 260 |
_aNew Delhi: _bSams Publishing, _c2002. |
||
| 300 |
_axix, 1012 p. : _bill. ; _c24 cm. |
||
| 500 | _aRev. ed. of: Waite Group's object-oriented programming in C++, c1999. | ||
| 500 | _aIncludes index. | ||
| 650 | 0 |
_aObject-oriented programming (Computer science) _93212 |
|
| 650 | 0 |
_aC++ (Computer program language) _91810 |
|
| 700 | 1 |
_aLafore, Robert _q(Robert W.). _tWaite Group's object-oriented programming in C++. _917945 |
|
| 710 | 2 |
_aWaite Group. _914012 |
|
| 906 |
_a7 _bcbc _corignew _d2 _eepcn _f20 _gy-gencatlg |
||
| 942 |
_2ddc _cBK |
||